00725nam a2200157Ia 4500008004100000020002200041041000800063082002400071100004600095245004900141260002700190300000900217999001900226952015200245952017000397230314s9999 xx 000 0 und d a978-93-86896-72-8 aeng aF/610.73/FRA/DB0952 aFransis Celestina & Misra Kritika9180561 aNursing Foundations for BSc Nursing Students bLotusaJalandharc2022 a360p c144103d144103 001040708FaBTINbBTINd2022-03-28g430.00i54l11m8oF 610.73 FRA DB0952pBTIN-DB-952r2024-10-24 00:00:00s2024-10-21w2022-03-25yDBzDB0952 00102ddc4070aSNCNbSNCNd2026-01-27eDonated By Reshma A. Rautg424.00iIK#2025-26#00918l0o610.73 FRApSNCN-DB-361r2026-01-31 07:17:00v424.00w2026-01-29yDB